যাত্রা (Record no. 4205)
[ view plain ]
| 000 -LEADER | |
|---|---|
| fixed length control field | 00432nam a2200157Ia 4500 |
| 008 - FIXED-LENGTH DATA ELEMENTS--GENERAL INFORMATION | |
| fixed length control field | 151213s9999 xx 000 0 und d |
| 100 ## - MAIN ENTRY--PERSONAL NAME | |
| Personal name | শওকত আলী |
| 245 ## - TITLE STATEMENT | |
| Title | যাত্রা |
| Statement of responsibility, etc. | শওকত আলী |
| 250 ## - EDITION STATEMENT | |
| Edition statement | ১ম সং |
| 260 ## - PUBLICATION, DISTRIBUTION, ETC. (IMPRINT) | |
| Place of publication, distribution, etc. | ঢাকা |
| Name of publisher, distributor, etc. | বই ঘর। |
| Date of publication, distribution, etc. | 1976 |
| 300 ## - PHYSICAL DESCRIPTION | |
| Extent | 8365 p. |
| 650 ## - SUBJECT ADDED ENTRY--TOPICAL TERM | |
| Topical term or geographic name as entry element | Bangla |
| 650 ## - SUBJECT ADDED ENTRY--TOPICAL TERM | |
| Topical term or geographic name as entry element | যাত্্রা |
| 700 ## - ADDED ENTRY--PERSONAL NAME | |
| Personal name | শওকত আলী |
No items available.
